• 首页
  • 本馆介绍
  • 公告通知
  • 最新文献
  • 馆藏检索
  • 电子资源
  • 读者导购
  • 参考咨询
  • 我的图书馆
  • 登录
  • 详细信息显示
  • 放入我的书架
  • 预约/预借图书
  • 作者相关作品
  • 分类相关作品
  • 丛书相关作品
  • 出版社相关作品

书目信息

  • 表格格式
  • 工作单格式
  • 卡片格式
题名:
中西美学之间
    
 
作者: 朱志荣 著
分册:  
出版信息: 上海   上海三联书店  2006
页数: 250页
开本: 23cm
丛书名: 学术新视野
单 册:
中图分类: B83-092 , B83-095
科图分类:
主题词: 美学思想--研究--中国 , 美学思想--研究--西方国家 , 美学思想
电子资源:
ISBN: 7-5426-2272-2
000 00855oam2 2200277 450
001 1538129760
005 20150122103720.29
010    @a7-5426-2272-2@dCNY32.00
100    @a20060124d2006 emky0chiy50 ea
101 0  @achi
102    @aCN@b310000
105    @ay z 000yy
200 1  @a中西美学之间@9zhong xi mei xue zhi jian@f朱志荣著
210    @a上海@c上海三联书店@d2006
215    @a250页@d23cm
225 2  @a学术新视野
330    @a本书收录了《西方审美理论的生成与演变》、《柏拉图灵感论述评》、《论亚里士多德的悲剧观》等多篇关于美学方面的27篇论文。
461  0 @12001 @a学术新视野
606 0  @a美学思想@x研究@y中国
606 0  @a美学思想@x研究@y西方国家
606 0  @a美学思想
690    @aB83-092@v5
690    @aB83-095@v5
701  0 @a朱志荣@9zhu zhi rong@f(1961~)@4著
801  0 @aCN@bTSSF@c20150122
905    @aZUCC@dB83-092@eJY3
    
    中西美学之间/朱志荣著.-上海:上海三联书店,2006
    250页;23cm.-(学术新视野)
    
    
    ISBN 7-5426-2272-2:CNY32.00
    本书收录了《西方审美理论的生成与演变》、《柏拉图灵感论述评》、《论亚里士多德的悲剧观》等多篇关于美学方面的27篇论文。
●
相关链接 在E读中查询图书 在五车中查询图书 在当当中查询图书 在豆瓣中查询图书


正题名:中西美学之间     索取号:B83-092/JY3         预约/预借

序号 登录号 条形码 馆藏地/架位号 状态 备注
1 7843595   278435953   学院路分馆/ [索取号:B83-092/JY3] 在馆    
2 7843596   278435962   学院路分馆/ [索取号:B83-092/JY3] 在馆    
3 7843597   278435971   学院路分馆/ [索取号:B83-092/JY3] 在馆    
4 7843598   278435980   学院路分馆/ [索取号:B83-092/JY3] 在馆    
唐山师范学院图书馆 欢迎您!
大连网信软件有限公司© 版权所有